Phạm Thận Duật toàn tập
Thân thế và sự nghiệp Phạm Thận Duật. Các tác phẩm của Phạm Thận Duật. Các bảo sao chụp nguyên bản chữ Hán các tác phẩm của Phạm Thận Duật
Sparad:
| Huvudupphovsman: | |
|---|---|
| Övriga upphovsmän: | , , , , |
| Materialtyp: | Bok |
| Språk: | Vietnamese Chinese |
| Publicerad: |
H.
Văn hoá Thông tin
2000
|
| Ämnen: | |
| Taggar: |
Lägg till en tagg
Inga taggar, Lägg till första taggen!
|
| Thư viện lưu trữ: | Mạng thư viện Đại học Đà Nẵng |
|---|
| LEADER | 01891nam a22004578a 4500 | ||
|---|---|---|---|
| 001 | 000015735 | ||
| 003 | 12118 | ||
| 005 | 20120601150657.0 | ||
| 008 | 120601s2000 b 000 0 vieod | ||
| 020 | |c 190000đ |d 500b | ||
| 041 | 0 | |a vie | |
| 041 | 0 | |a 0101 | |
| 041 | 0 | |a chi | |
| 080 | |a 8(V)1 | ||
| 082 | |a 895.922 |b PH-D | ||
| 084 | |a V5(1)5-4 |b PH104T | ||
| 100 | 1 | |a Phạm Thận Duật | |
| 245 | 1 | 0 | |a Phạm Thận Duật toàn tập |c Sưu tầm, b.s và tổ chức bản thảo: Phạm Đình Nhân ; Dịch giả: Nguyễn Văn Huyền, Ngô Thế Long, Hoàng Lê.. |
| 260 | |a H. |b Văn hoá Thông tin |c 2000 | ||
| 300 | |a 837tr, 1 tờ ảnh |c 24cm | ||
| 500 | |a ĐTTS ghi: Trung tâm UNESCO thông tin tư liệu lịch sử và văn hoá Việt Nam. - Công trình kỷ niệm 115 năm ngày mất danh nhân Phạm Thận Duật (29.11.1885-29.11.2000) | ||
| 520 | |a Thân thế và sự nghiệp Phạm Thận Duật. Các tác phẩm của Phạm Thận Duật. Các bảo sao chụp nguyên bản chữ Hán các tác phẩm của Phạm Thận Duật | ||
| 653 | |a Phạm Thận Duật (1825-1885) | ||
| 653 | |a Toàn tập | ||
| 653 | |a Nhà văn hoá | ||
| 653 | |a Nhân vật lịch sử | ||
| 700 | 1 | |a Ngô Thế Long |e Dịch | |
| 700 | 1 | |a Nguyễn Hữu Tưởng |e Dịch | |
| 700 | 1 | |a Nguyễn Văn Huyền |e Dịch | |
| 700 | 1 | |a Hoàng Lê |e Dịch | |
| 700 | 1 | |a Phạm Văn Thắm |e Dịch | |
| OWN | |a LSP | ||
| AVA | |a UDN50 |b LSP |d 895.922 PH-D |e available |t Error 5001 Not defined in file expand_doc_bib_avail. |f 1 |g 0 |h N |i 0 |k 1 | ||
| 999 | |a From the UDN01 | ||
| AVA | |a UDN50 |b LSP |d 895.922 PH-D |e available |t Error 5001 Not defined in file expand_doc_bib_avail. |f 1 |g 0 |h N |i 0 |k 1 | ||
| TYP | |a Monograph | ||
| TYP | |a Printed language | ||
| 980 | |a Mạng thư viện Đại học Đà Nẵng | ||